书目信息 |
| 书名: | Fundamental physics | |
| 作者: | ||
| 分册号: | ||
| 分册名: | 出版地: | New York : |
|
| 出版社: | Wiley | |
| 出版时间: | 1967. | |
| 页数: | xix, 472 p. : | |
| 开本: | 22 cm. | |
| 丛书名: | ||
| 中图分类号: | ||
| 科图分类号: | ||
| 其他分类号: | O4:H31 | |
| 主题词: | ||
| 电子资源: | ||
| 000 | 00502nam 22001931 4500 | |
| 001 | E0753900934 | |
| 005 | 20070227145934.10 | |
| 008 | 731212s1967 nyuac eng | |
| 035 | @a66026754 | |
| 050 | 00 | @aQC23@b.O72 1967 |
| 090 | @aP31/W115 | |
| 090 | @aO4:H31 | |
| 099 | @dO4:H31@ex119 | |
| 100 | 1 | @aOrear, Jay. |
| 245 | 10 | @aFundamental physics. |
| 250 | @a2d ed. | |
| 260 | @aNew York :@bWiley,@c1967. | |
| 300 | @axix, 472 p. :@billus. (part col.), ports ;@c22 cm. | |
| 650 | 0 | @aPhysics. |
| Fundamental physics.-2d ed.-New York : : Wiley, , 1967. |
| xix, 472 p. : : illus. (part col.), ports ; ; 22 cm. |
| ISBN |
| ● |
| 相关链接 |
|
|
|
|
正题名:Fundamental physics
索取号:O4:H31/x119
 
预约/预借
| 序号 | 登录号 | 条形码 | 馆藏地/架位号 | 状态 | 备注 |
| 1 | 49177 | 000452085 | 第四借阅区/ [索取号:O4:H31/x119] | 在馆 | |
| 2 | 49178 | 000452003 | 第四借阅区/ [索取号:O4:H31/x119] | 在馆 | |
| 3 | 49179 | 000452049 | 第二样本阅览室/ [索取号:O4:H31/x119] | 在馆 |